| 000 | 00406nam a22001457a 4500 | ||
|---|---|---|---|
| 005 | 20180102121717.0 | ||
| 008 | 180102b xxu||||| |||| 00| 0 eng d | ||
| 040 | _cPK-LaUMT | ||
| 082 |
_aPKAC 153.42 _bIKR-F |
||
| 100 | _aIkram Azam | ||
| 245 |
_aFuturistic education and creative thinking skills/ _cIkram Azam |
||
| 260 |
_aIslamabad: _bThe PFI margalla voices, _c2006 |
||
| 300 | _a274 p. | ||
| 942 | _cBK | ||
| 999 |
_c101301 _d101301 |
||